000 00462cam a22001457a 4500
008 180718b1997 xxu||||| |||| 00| 0 eng d
020 _a8125904999
082 _aI513 Sh28s
100 _aShaw, Rajiv
245 _aSurviving tomorrow: turnaround strategies and perspectives in organisational design and development
_cby Rajiv Shaw
260 _aNew Delhi
_bVikas
_c1997
300 _a156p.
650 _aOrganizational sociology
650 _aOrganizational change
999 _c384576
_d384576